[Event "Kieler Open 2019-A"]
[Site "Kiel"]
[Date "2019.08.02"]
[Round "9.5"]
[White "Kaulich, Philipp Theodor"]
[Black "Melamed, Tatjana"]
[Result "0-1"]
[WhiteElo "2177"]
[BlackElo "2351"]
[Annotator "HAD"]
[PlyCount "58"]
[EventDate "2019.??.??"]

1. e4 c5 2. c3 Nf6 3. e5 Nd5 4. d4 cxd4 5. Nf3 e6 6. cxd4 d6 7. Bc4 Be7 8. O-O
O-O 9. Qe2 b6 10. Qe4 Ba6 11. Bxa6 Nxa6 12. Qg4 Nac7 13. Re1 Rc8 14. a3 f5 15.
exf6 Rxf6 16. h4 Rg6 17. Qh3 Qd7 18. Bd2 Qb5 19. Nc3 Nxc3 20. bxc3 Rf8 21. Bg5
Nd5 22. Rxe6 Rxf3 23. Qxf3 Rxe6 24. c4 Qb2 25. Rf1 Nf6 26. Qa8+ Bf8 27. d5 Re7
28. Qc6 Qxa3 29. Be3 Re4 0-1

[Event "Kieler Open 2019-A"]
[Site "Kiel"]
[Date "2019.08.02"]
[Round "9.6"]
[White "Arndt, Magnus"]
[Black "Braun, Georg"]
[Result "1-0"]
[WhiteElo "2313"]
[BlackElo "2307"]
[Annotator "HAD"]
[PlyCount "53"]
[EventDate "2019.??.??"]

1. e4 c5 2. Nf3 g6 3. c3 d5 4. exd5 Qxd5 5. d4 Bg7 6. Na3 cxd4 7. Bc4 Qe4+ 8.
Be3 Nh6 9. cxd4 O-O 10. O-O Nc6 11. Re1 Qg4 12. d5 Na5 13. Bd3 Nf5 14. Bd2 Bxb2
15. Re4 Qh5 16. g4 Ne3 17. gxh5 Nxd1 18. Rxd1 Bf5 19. Re3 Bxa3 20. Bxf5 Nc4 21.
Rc3 Nxd2 22. Nxd2 Bb4 23. Rg3 e6 24. Bc2 exd5 25. Bb3 Rad8 26. Rd3 Rd7 27. Ne4
1-0

[Event "Kieler Open 2019-A"]
[Site "Kiel"]
[Date "2019.08.02"]
[Round "9.7"]
[White "Rieper, Julian"]
[Black "Pluska, Alexander"]
[Result "1/2-1/2"]
[WhiteElo "2062"]
[BlackElo "2207"]
[Annotator "HAD"]
[PlyCount "21"]
[EventDate "2019.??.??"]

1. e4 c5 2. Nf3 Nf6 3. Nc3 d5 4. Bb5+ Bd7 5. exd5 Bxb5 6. Nxb5 Nxd5 7. O-O a6
8. Nc3 Nxc3 9. bxc3 e6 10. Ne5 Bd6 11. Re1 1/2-1/2

[Event "Kieler Open 2019-A"]
[Site "Kiel"]
[Date "2019.08.02"]
[Round "9.8"]
[White "Voloshin, Leonid"]
[Black "Kroencke, Manfred"]
[Result "1-0"]
[WhiteElo "2376"]
[BlackElo "2047"]
[Annotator "HAD"]
[PlyCount "75"]
[EventDate "2019.??.??"]

1. d4 d5 2. c4 e6 3. Nc3 Nf6 4. cxd5 exd5 5. Bg5 c6 6. Qc2 Be7 7. e3 Nbd7 8.
Bd3 O-O 9. Nge2 Re8 10. O-O Nf8 11. f3 Be6 12. Bh4 a6 13. Bf2 c5 14. Qd2 Rc8
15. a3 cxd4 16. exd4 Qd7 17. Bc2 Red8 18. Na4 Rc6 19. Nc5 Qc8 20. Ba4 b5 21.
Bc2 N8d7 22. b4 Nb6 23. Qd3 g6 24. g4 Nc4 25. Nf4 Nd7 26. Nfxe6 fxe6 27. f4 Nf6
28. h3 Ne4 29. Qe2 Nxc5 30. dxc5 Bf6 31. Ra2 Qd7 32. Bd3 Qg7 33. Bg3 Nb2 34.
Kg2 Nc4 35. h4 Bd4 36. Kh3 Nb2 37. Rf3 Na4 38. Bxb5 1-0

[Event "Kieler Open 2019-A"]
[Site "Kiel"]
[Date "2019.08.02"]
[Round "9.10"]
[White "Lebeda, Timo"]
[Black "Besenthal, Klaus-Guenther"]
[Result "1/2-1/2"]
[WhiteElo "2107"]
[BlackElo "2070"]
[Annotator "HAD"]
[PlyCount "146"]
[EventDate "2019.??.??"]

1. Nf3 Nc6 2. d4 d5 3. c4 e6 4. g3 dxc4 5. Bg2 Bb4+ 6. Bd2 Qd6 7. O-O Nf6 8.
Bf4 Qe7 9. Bg5 h6 10. Bxf6 Qxf6 11. Ne5 O-O 12. Nxc6 bxc6 13. e3 Rb8 14. a3 Be7
15. Nd2 e5 16. dxe5 Qxe5 17. Nxc4 Qb5 18. Rc1 Be6 19. a4 Qb3 20. Na5 Qxd1 21.
Rfxd1 Rxb2 22. Nxc6 Bf6 23. Nxa7 Bb3 24. Rd7 Bxa4 25. Rdxc7 h5 26. h4 Rd8 27.
Rc8 Rbd2 28. Be4 g6 29. Kg2 Kg7 30. R1c4 Bb3 31. R4c7 R8d6 32. Rb7 Be6 33. Nb5
Bxc8 34. Nxd6 Rxd6 35. Rc7 Be6 36. Rc2 Bd5 37. Kf3 Bxe4+ 38. Kxe4 Rb6 39. Rc4
Be7 40. Kf3 Rb2 41. Rc7 Kf6 42. Rc6+ Ke5 43. Rc7 Ke6 44. Rc6+ Kd5 45. Rc7 Kd6
46. Ra7 Rb6 47. Ra4 Bf6 48. Ra2 Be5 49. Ra4 f5 50. Ra8 Bb2 51. Rd8+ Ke5 52.
Re8+ Kd5 53. Rd8+ Rd6 54. Ra8 Kc4 55. Rc8+ Kd3 56. Re8 Bc1 57. Re7 Bd2 58. Ra7
Bc3 59. Ra2 Rb6 60. Ra8 Rb2 61. Rd8+ Kc4 62. Rc8+ Kb4 63. Rb8+ Ka5 64. Rxb2
Bxb2 65. Kf4 Bf6 66. e4 fxe4 67. Kxe4 Kb6 68. f4 Kc6 69. f5 gxf5+ 70. Kxf5 Be7
71. Kg6 Bd6 72. Kxh5 Bxg3 73. Kg5 Bxh4+ 1/2-1/2

[Event "Kieler Open 2019-A"]
[Site "Kiel"]
[Date "2019.08.02"]
[Round "9.11"]
[White "Wunder, Niklas"]
[Black "Koellner, Aaron Noah"]
[Result "0-1"]
[WhiteElo "2095"]
[BlackElo "2044"]
[Annotator "HAD"]
[PlyCount "68"]
[EventDate "2019.??.??"]

1. e4 c5 2. Nf3 e6 3. d4 cxd4 4. Nxd4 Nc6 5. Nc3 Qc7 6. Be3 a6 7. Qd2 Nf6 8.
O-O-O Bb4 9. f3 Ne5 10. Nb3 b5 11. Qe1 Be7 12. f4 Ng6 13. e5 Ng4 14. h3 Nxe3
15. Qxe3 Bb7 16. Ne4 Rc8 17. Bd3 O-O 18. Rhe1 f5 19. exf6 gxf6 20. g3 b4 21.
Nd4 Bd5 22. Kb1 Qa5 23. b3 Qa3 24. Qc1 Qxc1+ 25. Rxc1 f5 26. Nd2 Bf6 27. N2f3
Rc5 28. c4 bxc3 29. Bxa6 Be4+ 30. Rc2 Ra5 31. Be2 Ra3 32. Bb5 Rfa8 33. Ba4
R3xa4 34. bxa4 Rxa4 0-1

[Event "Kieler Open 2019-A"]
[Site "Kiel"]
[Date "2019.08.02"]
[Round "9.12"]
[White "Callsen, Niklas"]
[Black "Koellner, Ruben Gideon"]
[Result "0-1"]
[WhiteElo "2033"]
[BlackElo "2315"]
[Annotator "HAD"]
[PlyCount "162"]
[EventDate "2019.??.??"]

1. e4 d6 2. d4 Nf6 3. Nc3 e5 4. dxe5 dxe5 5. Qxd8+ Kxd8 6. Bg5 Be6 7. g3 Nbd7
8. f4 h6 9. Bh4 Bb4 10. Bd3 g6 11. fxe5 g5 12. Bxg5 hxg5 13. exf6 Nxf6 14. Nf3
g4 15. Ng5 Ke7 16. Ke2 Rh5 17. Nxe6 fxe6 18. Kf2 Re5 19. Kg2 Rh8 20. Raf1 Bxc3
21. bxc3 Ra5 22. Rf4 Rxa2 23. Rhf1 Rf8 24. e5 Nd7 25. Rxg4 Rxf1 26. Kxf1 Nxe5
27. Rg7+ Kd6 28. Ke2 a5 29. h4 Ra1 30. Be4 Nd7 31. Rf7 a4 32. h5 a3 33. h6 a2
34. h7 Re1+ 35. Kxe1 a1=Q+ 36. Kd2 Qa8 37. g4 Qh8 38. g5 Ne5 39. Rf1 Qg7 40.
Ke2 Nc4 41. Rh1 Qxg5 42. Rd1+ Ke7 43. h8=Q Qe3+ 44. Kf1 Qf4+ 45. Kg1 Qg4+ 46.
Kf2 Qxd1 47. Qg7+ Kd6 48. Qf8+ Ke5 49. Qc5+ Kxe4 50. Qxc4+ Kf5 51. Qc5+ Qd5 52.
Qf8+ Ke5 53. Qh8+ Kd6 54. Qd8+ Kc6 55. Qe8+ Qd7 56. Qg6 Qd2+ 57. Kf1 Qf4+ 58.
Ke1 Qe5+ 59. Kd1 b6 60. Kc1 Kb7 61. Qg2+ Qd5 62. Qg8 Qc6 63. Qh8 Qc5 64. Kb2 e5
65. Qh7 Qd5 66. Qh5 Qe6 67. Qg5 e4 68. Qe3 Qd5 69. Qd4 Qb5+ 70. Ka2 Qc6 71. Kb2
Qb5+ 72. Ka2 Qe8 73. Qd5+ Kb8 74. Qd1 e3 75. Qe2 Qf7+ 76. c4 Qf2 77. Qd3 e2 78.
Qd8+ Kb7 79. Qd5+ Ka7 80. Qc6 Qc5 81. Qe6 Qa5+ 0-1

[Event "Kieler Open 2019-A"]
[Site "Kiel"]
[Date "2019.08.02"]
[Round "9.13"]
[White "Latzke, Boris"]
[Black "Pick, Stefan"]
[Result "1-0"]
[WhiteElo "2212"]
[BlackElo "2019"]
[Annotator "HAD"]
[PlyCount "69"]
[EventDate "2019.??.??"]

1. d4 Nf6 2. c4 e6 3. Nf3 b6 4. a3 Bb7 5. Nc3 Be7 6. d5 O-O 7. e4 exd5 8. cxd5
Re8 9. Bd3 d6 10. O-O Nbd7 11. Nd4 Nc5 12. Bc2 Bf8 13. f3 a5 14. Bg5 h6 15. Bh4
g5 16. Bf2 Nh5 17. Rc1 Nf4 18. b4 axb4 19. axb4 Na6 20. Rb1 Bg7 21. Ba4 Rf8 22.
Bc6 Bxc6 23. Nxc6 Qd7 24. Ne2 Nb8 25. Nxf4 gxf4 26. Nd4 Qd8 27. Nf5 Nd7 28. Qd2
Be5 29. g3 fxg3 30. hxg3 Qf6 31. Kg2 Bc3 32. Qf4 Ra2 33. Nxh6+ Kh7 34. Nf5 Rh8
35. Qg4 1-0

[Event "Kieler Open 2019-A"]
[Site "Kiel"]
[Date "2019.08.02"]
[Round "9.14"]
[White "Roehr, Tobias"]
[Black "Friedel, Marcus"]
[Result "1-0"]
[WhiteElo "2054"]
[BlackElo "2162"]
[Annotator "HAD"]
[PlyCount "93"]
[EventDate "2019.??.??"]

1. d4 d6 2. c4 e5 3. d5 g6 4. e4 h5 5. Nc3 Bh6 6. Bd3 Nd7 7. Nge2 a5 8. a3 Nc5
9. Bc2 Bxc1 10. Rxc1 Qg5 11. g3 Bg4 12. b4 axb4 13. axb4 Nd7 14. Qd3 Nb8 15. c5
dxc5 16. Qb5+ Nd7 17. Qxb7 Qd8 18. bxc5 Nxc5 19. Qc6+ Nd7 20. Nb5 Kf8 21. Nxc7
Rb8 22. Ba4 Rb6 23. Qc3 Qe7 24. Nb5 Qf6 25. Qe3 Kg7 26. Rc7 Nh6 27. h3 Bxh3 28.
f3 Bg2 29. Rg1 Qxf3 30. Qxf3 Bxf3 31. Rxd7 Bxe4 32. Nec3 Bf5 33. Ra7 Rc8 34.
Kd2 Ng4 35. Re1 Rc4 36. d6 Nh2 37. Bd1 Rxc3 38. Nxc3 Rxd6+ 39. Ke2 Rd3 40. Rc7
Rxg3 41. Kf2 Rd3 42. Kg1 Rd2 43. Be2 Ng4 44. Bxg4 Bxg4 45. Rxe5 Bf3 46. Ree7
Rg2+ 47. Kf1 1-0

[Event "Kieler Open 2019-A"]
[Site "Kiel"]
[Date "2019.08.02"]
[Round "9.15"]
[White "Horn, Peter"]
[Black "Meyer, Henrik"]
[Result "0-1"]
[WhiteElo "2054"]
[BlackElo "2162"]
[Annotator "HAD"]
[PlyCount "84"]
[EventDate "2019.??.??"]

1. Nf3 Nf6 2. d4 c5 3. c3 b6 4. dxc5 bxc5 5. e4 Nc6 6. e5 Ng4 7. Bf4 Qc7 8. Qe2
f6 9. Na3 Ngxe5 10. Nxe5 fxe5 11. Bg3 d6 12. Nc4 h5 13. Qe4 Be6 14. Ne3 Rb8 15.
Bc4 Bxc4 16. Nxc4 e6 17. O-O-O Rh6 18. f4 d5 19. Qe3 dxc4 20. fxe5 Ne7 21. Rhf1
Nd5 22. Qf3 Rh8 23. Rxd5 exd5 24. Qxd5 Qd7 25. Qxc4 Rb6 26. Qe4 Be7 27. Qa8+
Qd8 28. Qxa7 Bg5+ 29. Bf4 Qd3 30. Qa4+ Rb5 31. Rf3 Bxf4+ 32. Qxf4 Qg6 33. Qc4
Rb8 34. e6 Qg5+ 35. Rf4 Rb7 36. Kb1 Kd8 37. Qd3+ Kc8 38. Ra4 Rd8 39. Ra8+ Kc7
40. Rxd8 Qxd8 41. Qg3+ Kb6 42. Kc2 Qd5 0-1

[Event "Kieler Open 2019-A"]
[Site "Kiel"]
[Date "2019.08.02"]
[Round "9.16"]
[White "Omert, Oliver"]
[Black "Wendler, David ("]
[Result "0-1"]
[WhiteElo "1815"]
[BlackElo "2094"]
[Annotator "HAD"]
[PlyCount "66"]
[EventDate "2019.??.??"]

1. e4 c5 2. Nf3 Nc6 3. Bb5 g6 4. Bxc6 bxc6 5. O-O Bg7 6. c3 Nf6 7. Re1 O-O 8.
d4 cxd4 9. cxd4 d5 10. e5 Ne4 11. Nbd2 Bf5 12. Nh4 Be6 13. Nhf3 c5 14. dxc5
Nxc5 15. Nd4 Nd3 16. Re3 Nxe5 17. Nxe6 fxe6 18. Qe2 Nc6 19. Qg4 Nd4 20. Nb3 Nc2
21. Rh3 Nxa1 22. Qxe6+ Rf7 23. Rf3 Bf6 24. Nxa1 Qb6 25. Qe1 Rc8 26. Nb3 e5 27.
Bd2 e4 28. Ba5 Qb5 29. Rf4 Bxb2 30. Rxf7 Kxf7 31. Qe3 d4 32. Qxe4 Qxa5 33. Qb7+
Qc7 0-1

[Event "Kieler Open 2019-A"]
[Site "Kiel"]
[Date "2019.08.02"]
[Round "9.17"]
[White "Dittmann, Hans-Adolf"]
[Black "Olde, Henning"]
[Result "1/2-1/2"]
[WhiteElo "2068"]
[BlackElo "1788"]
[Annotator "HAD"]
[PlyCount "72"]
[EventDate "2019.??.??"]

1. e4 c5 2. Nf3 Nc6 3. d4 cxd4 4. Nxd4 d6 5. Nc3 a6 6. Be3 Bd7 7. Qd2 Nf6 8. f3
g6 9. O-O-O Bg7 10. Kb1 Qa5 11. Nb3 Qc7 12. g4 Be6 13. h4 h5 14. g5 Nd7 15. Nd4
O-O 16. Nd5 Bxd5 17. exd5 Nce5 18. b3 Nc5 19. c4 Rad8 20. Qc2 Kh7 21. Bc1 e6
22. b4 Qb6 23. a3 a5 24. Nb5 axb4 25. axb4 Na6 26. f4 Ng4 27. dxe6 Nxb4 28. Qb3
Qa5 29. Bb2 fxe6 30. Bxg7 Kxg7 31. Bh3 Rxf4 32. Qb2+ e5 33. Bxg4 Rxg4 34. Rxd6
Rxd6 35. Qxe5+ Kg8 36. Qe8+ Kg7 1/2-1/2

[Event "Kieler Open 2019-A"]
[Site "Kiel"]
[Date "2019.08.02"]
[Round "9.18"]
[White "Petri, Alexander"]
[Black "Glinzner, Alva"]
[Result "1-0"]
[WhiteElo "2146"]
[BlackElo "1941"]
[Annotator "HAD"]
[PlyCount "115"]
[EventDate "2019.??.??"]

1. d4 Nf6 2. Nf3 b6 3. c4 e6 4. g3 Bb7 5. Bg2 c5 6. d5 exd5 7. Nh4 g6 8. cxd5
d6 9. Nc3 Bg7 10. O-O O-O 11. e4 Nbd7 12. Re1 a6 13. a4 Rb8 14. f4 Re8 15. Nf3
Nh5 16. g4 Nhf6 17. h3 h5 18. g5 Nh7 19. Qd3 Bc8 20. Kh2 Qe7 21. Nd2 Ndf8 22.
Nc4 Bd7 23. e5 dxe5 24. d6 Qd8 25. Nxe5 Bf5 26. Qd2 Rc8 27. Nd5 Bxe5 28. fxe5
Nd7 29. Ne7+ Rxe7 30. dxe7 Qxe7 31. Qd6 Qe8 32. Bf4 Ndf8 33. h4 Ne6 34. Bg3
Nhf8 35. Qxb6 Nd4 36. Bb7 Rb8 37. Qxa6 Qe7 38. Bg2 Nc2 39. Qd6 Qa7 40. e6 Rb6
41. exf7+ Kxf7 42. Bd5+ Ne6 43. Bxe6+ Bxe6 44. Rf1+ Bf5 45. Qd5+ Kg7 46. Be5+
Kf8 47. Rxf5+ gxf5 48. Qxc5+ Qe7 49. Qxe7+ Kxe7 50. Rg1 Rg6 51. Bf6+ Ke6 52.
Rc1 Nb4 53. Re1+ Kd5 54. Re8 Kc4 55. a5 Kb5 56. Re5+ Ka6 57. Rxf5 Nc6 58. Bc3
1-0

[Event "Kieler Open 2019-A"]
[Site "Kiel"]
[Date "2019.08.02"]
[Round "9.19"]
[White "Haffner, Alexander"]
[Black "Gombert, Reiner"]
[Result "1-0"]
[WhiteElo "2117"]
[BlackElo "1918"]
[Annotator "HAD"]
[PlyCount "105"]
[EventDate "2019.??.??"]

1. d4 Nf6 2. Nf3 g6 3. g3 Bg7 4. Bg2 d5 5. O-O O-O 6. c4 c6 7. Nc3 Ne4 8. cxd5
cxd5 9. Qb3 Nxc3 10. Qxc3 Nc6 11. Bf4 Bg4 12. Be3 Rc8 13. Qd2 Qa5 14. Rfd1 Qxd2
15. Rxd2 Nb4 16. Ne1 Rfd8 17. h3 Bf5 18. g4 Be6 19. Kh2 Rc4 20. b3 Rc3 21. a3
Nc6 22. Rb1 Na5 23. Rdb2 Rc6 24. Bd2 b6 25. Bxa5 bxa5 26. e3 Rc3 27. Bf1 f5 28.
Be2 f4 29. Nd3 fxe3 30. fxe3 Bh6 31. Re1 Bf7 32. Bf1 Rb8 33. b4 Rxa3 34. b5 Be8
35. Nf4 Bxf4+ 36. exf4 Kf7 37. Bg2 e6 38. f5 gxf5 39. gxf5 Rxb5 40. fxe6+ Ke7
41. Rc2 Rb4 42. Rc7+ Kd6 43. Rxa7 Ra2 44. Rxh7 Rbb2 45. Rg7 Bh5 46. Kg1 Re2 47.
Rc1 Kxe6 48. Rg5 Be8 49. Bxd5+ Kf6 50. Rg4 Bd7 51. Rf1+ Ke7 52. Rg7+ Kd6 53.
Bxa2 1-0

[Event "Kieler Open 2019-A"]
[Site "Kiel"]
[Date "2019.08.02"]
[Round "9.20"]
[White "Barten, Ralf"]
[Black "Schmidt, Peter"]
[Result "1/2-1/2"]
[WhiteElo "2035"]
[BlackElo "1881"]
[Annotator "HAD"]
[PlyCount "40"]
[EventDate "2019.??.??"]

1. c4 Nf6 2. g3 g6 3. Bg2 Bg7 4. Nc3 d6 5. e3 c5 6. Nge2 Nc6 7. d4 O-O 8. O-O
Rb8 9. b3 Bd7 10. Bb2 a6 11. dxc5 dxc5 12. Nd5 Nxd5 13. cxd5 Bxb2 14. Rb1 Bg7
15. dxc6 Bxc6 16. Bxc6 bxc6 17. Qc2 Qa5 18. Nf4 Rfd8 19. Rfd1 e6 20. Nd3 Bf8
1/2-1/2

[Event "Kieler Open 2019-A"]
[Site "Kiel"]
[Date "2019.08.02"]
[Round "9.21"]
[White "Großelohmann, Gerhard"]
[Black "Dannehr, Jürgen"]
[Result "1-0"]
[WhiteElo "1999"]
[BlackElo "1909"]
[Annotator "HAD"]
[PlyCount "27"]
[EventDate "2019.??.??"]

1. d4 Nf6 2. c4 g6 3. Nc3 d5 4. cxd5 Nxd5 5. g3 Bg7 6. Bg2 Nxc3 7. bxc3 O-O 8.
e3 c5 9. Ne2 Nc6 10. O-O Be6 11. d5 Bd7 12. dxc6 bxc6 13. Qa4 Qc7 14. Rd1 1-0

[Event "Kieler Open 2019-A"]
[Site "Kiel"]
[Date "2019.08.02"]
[Round "9.22"]
[White "Boyens, Birger"]
[Black "Wendler, Werner"]
[Result "1-0"]
[WhiteElo "1918"]
[BlackElo "1954"]
[Annotator "HAD"]
[PlyCount "61"]
[EventDate "2019.??.??"]

1. e4 e6 2. d4 d5 3. Nc3 Bb4 4. e5 c5 5. a3 Bxc3+ 6. bxc3 Ne7 7. Qg4 Qc7 8.
Qxg7 Rg8 9. Qxh7 cxd4 10. Ne2 Nbc6 11. f4 Bd7 12. h4 dxc3 13. h5 O-O-O 14. Qd3
Nf5 15. h6 Rg6 16. h7 Rh8 17. Rh5 f6 18. exf6 Be8 19. Qxc3 Rxh7 20. Rg5 Rgh6
21. g4 Nd6 22. Rg8 Qf7 23. Rg7 Rxg7 24. fxg7 Rg6 25. Bb2 Nc4 26. f5 Rxg4 27.
Bh3 Qh5 28. Bxg4 Qh1+ 29. Kf2 Qh2+ 30. Kf1 Qh7 31. Qh3 1-0

[Event "Kieler Open 2019-A"]
[Site "Kiel"]
[Date "2019.08.02"]
[Round "9.23"]
[White "Karlisch, Moritz"]
[Black "Röhr, Oliver"]
[Result "0-1"]
[WhiteElo "1894"]
[BlackElo "1948"]
[Annotator "HAD"]
[PlyCount "118"]
[EventDate "2019.??.??"]

1. d4 Nf6 2. c4 e5 3. dxe5 Ng4 4. Bf4 Nc6 5. Nf3 Bb4+ 6. Nc3 Qe7 7. Qd5 f6 8.
exf6 Bxc3+ 9. bxc3 Nxf6 10. Qd3 d6 11. e3 O-O 12. Be2 Ne4 13. O-O Nc5 14. Qd1
Bg4 15. h3 Bh5 16. Bg3 Ne4 17. Qd5+ Bf7 18. Qd3 Nxg3 19. fxg3 Rae8 20. Kf2 Ne5
21. Qe4 Nxc4 22. Qxe7 Rxe7 23. Bxc4 Bxc4 24. Rfd1 Bb5 25. Rd4 Bc6 26. h4 Be4
27. Rf1 Rf5 28. g4 Rb5 29. Rd2 Rc5 30. Rc1 Bd5 31. Nd4 Re4 32. Nf5 Be6 33. Kf3
Bxf5 34. gxf5 Rxh4 35. e4 Rh5 36. c4 g6 37. g4 Rh3+ 38. Kg2 Re3 39. Rd4 Re5 40.
Kf2 R3xe4 41. Rxe4 Rxe4 42. Kf3 gxf5 43. gxf5 Rh4 44. c5 dxc5 45. Rxc5 c6 46.
Rc2 Kg7 47. Rd2 Kf6 48. Rd7 Rb4 49. Rxh7 Kxf5 50. Ke3 Ke5 51. Kd3 Kd6 52. Kc3
Rb1 53. Rg7 Kc5 54. Rf7 Kb6 55. Rg7 Ka5 56. Rc7 Ka4 57. Rg7 Ka3 58. Rg5 Rc1+
59. Kd2 Rc4 0-1

[Event "Kieler Open 2019-A"]
[Site "Kiel"]
[Date "2019.08.02"]
[Round "9.24"]
[White "Saglam, Bülent"]
[Black "Rouditser, Benjamin"]
[Result "1-0"]
[WhiteElo "2125"]
[BlackElo "1815"]
[Annotator "HAD"]
[PlyCount "95"]
[EventDate "2019.??.??"]

1. e4 c6 2. d4 d5 3. e5 c5 4. dxc5 e6 5. Nf3 Bxc5 6. Bd3 Nc6 7. c3 a5 8. a4
Nge7 9. O-O O-O 10. Bxh7+ Kxh7 11. Ng5+ Kg6 12. b4 axb4 13. cxb4 Bxb4 14. h4
Rh8 15. h5+ Rxh5 16. Nxf7 Qg8 17. Qg4+ Kxf7 18. Qxh5+ g6 19. Qf3+ Nf5 20. g4
Nxe5 21. Qf4 Bd6 22. gxf5 gxf5+ 23. Kh1 Qh8+ 24. Qh2 Qxh2+ 25. Kxh2 Bd7 26. f4
Rh8+ 27. Kg3 Nd3 28. Ba3 Bxf4+ 29. Rxf4 Nxf4 30. Kxf4 Rh4+ 31. Ke5 Rxa4 32. Ra2
Re4+ 33. Kd6 Bc6 34. Nc3 Rc4 35. Nd1 d4 36. Rd2 Kf6 37. Nb2 Rc3 38. Bc5 e5 39.
Nd3 Rc4 40. Bb6 e4 41. Bd8+ Kg7 42. Rg2+ Kh6 43. Bg5+ Kh7 44. Ne5 Rc3 45. Bf6
Rh3 46. Nf7 Rg3 47. Rxg3 f4 48. Rg7# 1-0

[Event "Kieler Open 2019-A"]
[Site "Kiel"]
[Date "2019.08.02"]
[Round "9.26"]
[White "Schramm, Daniel"]
[Black "Quiring, Nikolai"]
[Result "1-0"]
[WhiteElo "1837"]
[BlackElo "2018"]
[Annotator "HAD"]
[PlyCount "85"]
[EventDate "2019.??.??"]

1. c4 e6 2. g3 c5 3. Bg2 Nc6 4. e3 Nf6 5. b3 Be7 6. Nf3 O-O 7. O-O a6 8. Bb2 b5
9. d3 Qb6 10. Qe2 Bb7 11. Nc3 d5 12. Rab1 Rfd8 13. cxd5 exd5 14. d4 cxd4 15.
exd4 Re8 16. Qd2 Bb4 17. a3 Bxc3 18. Qxc3 Ne4 19. Qd3 b4 20. Rfe1 a5 21. a4 Ba6
22. Qd1 f5 23. Rc1 Rac8 24. Nd2 Ne7 25. Rxc8 Rxc8 26. Nxe4 dxe4 27. f3 Bd3 28.
fxe4 Bc2 29. Qh5 Bxb3 30. Qg5 Qf6 31. Qxf6 gxf6 32. exf5 Kf7 33. Ra1 Rc2 34.
Bc1 Nxf5 35. d5 Nd6 36. Bf4 Nc4 37. d6 Na3 38. Re1 Be6 39. Bd5 Bxd5 40. Re7+
Kg6 41. d7 b3 42. d8=Q b2 43. Qe8+ 1-0

[Event "Kieler Open 2019-A"]
[Site "Kiel"]
[Date "2019.08.02"]
[Round "9.27"]
[White "Mohamed, Galal"]
[Black "Bernhardt, Gerd"]
[Result "1-0"]
[WhiteElo "1833"]
[BlackElo "2005"]
[Annotator "HAD"]
[PlyCount "77"]
[EventDate "2019.??.??"]

1. d4 Nf6 2. Nf3 e6 3. Bf4 b6 4. e3 Bb7 5. Nbd2 Be7 6. Bd3 d6 7. h3 Nbd7 8. O-O
Nd5 9. Bg3 Nb4 10. Be2 Nf6 11. c3 Nc6 12. e4 Nd7 13. Qc2 O-O 14. b4 Rc8 15.
Rad1 Qe8 16. Rfe1 Kh8 17. Bc4 Nd8 18. d5 e5 19. a4 f6 20. Nb3 Nf7 21. Qe2 Rd8
22. Bb5 Nh6 23. Bc6 Bc8 24. Nh4 f5 25. Nxf5 Nxf5 26. exf5 Rxf5 27. c4 Qg6 28.
Nd4 Rh5 29. Ne6 Nf6 30. Nxd8 Bxd8 31. a5 Bf5 32. axb6 cxb6 33. Ra1 a5 34. c5
bxc5 35. bxa5 Ne4 36. a6 h6 37. a7 Bxh3 38. gxh3 Nxg3 39. fxg3 {Rest
unleserlich} 1-0

[Event "Kieler Open 2019-A"]
[Site "Kiel"]
[Date "2019.08.02"]
[Round "9.28"]
[White "Berenstein, Alexander"]
[Black "Rohmann, Volker"]
[Result "1-0"]
[WhiteElo "1972"]
[BlackElo "1752"]
[Annotator "HAD"]
[PlyCount "81"]
[EventDate "2019.??.??"]

1. d4 d5 2. Nf3 c6 3. Bf4 Bf5 4. Nbd2 Nf6 5. h3 h6 6. e3 e6 7. c4 Nbd7 8. c5
Be7 9. b4 a6 10. Be2 O-O 11. g4 Be4 12. O-O g5 13. Bg3 Bh7 14. Ne1 Ne4 15. Nxe4
Bxe4 16. f3 Bh7 17. Ng2 f6 18. f4 Be4 19. f5 e5 20. Ne1 Qe8 21. Nd3 Bxd3 22.
Qxd3 e4 23. Qd2 Kg7 24. Rf2 Rh8 25. Rh2 Nf8 26. a4 Qd7 27. Rf2 Nh7 28. Rb1 Rhd8
29. Rff1 Kf7 30. Rb3 Ra7 31. b5 axb5 32. axb5 Rda8 33. bxc6 bxc6 34. Rfb1 Ra2
35. R3b2 R2a7 36. Bb8 Ra1 37. Qe1 Rxb1 38. Qxb1 Rxb8 39. Rxb8 Qc7 40. Kg2 Nf8
41. Qb6 1-0

[Event "Kieler Open 2019-A"]
[Site "Kiel"]
[Date "2019.08.02"]
[Round "9.29"]
[White "Probst, Alexander"]
[Black "Gehlsen, René"]
[Result "1/2-1/2"]
[WhiteElo "1969"]
[BlackElo "1715"]
[Annotator "HAD"]
[PlyCount "82"]
[EventDate "2019.??.??"]

1. e4 g6 2. d4 Bg7 3. f4 c6 4. Nf3 d5 5. e5 Nh6 6. Bd3 O-O 7. O-O f6 8. Be3 Bf5
9. Nh4 Bxd3 10. Qxd3 fxe5 11. dxe5 e6 12. g3 Nd7 13. c4 Ng4 14. cxd5 Nxe3 15.
Qxe3 cxd5 16. Nc3 a6 17. Nf3 Qb6 18. Qxb6 Nxb6 19. Nd4 Rae8 20. Rac1 g5 21.
Nce2 gxf4 22. Nxf4 Bxe5 23. Nfxe6 Rxf1+ 24. Rxf1 Bxd4+ 25. Nxd4 Re4 26. Nf5 Re2
27. Rf2 Rxf2 28. Kxf2 Na4 29. b3 Nc3 30. Ke3 Nxa2 31. Kd4 Nc1 32. b4 a5 33.
bxa5 Nb3+ 34. Kxd5 Nxa5 35. Kc5 Kf7 36. Kb6 Nc4+ 37. Kxb7 Kf6 38. Nd4 Ne3 39.
Kc6 Nf1 40. Nf3 Kf5 41. Kd5 Nxg3 1/2-1/2

[Event "Kieler Open 2019-A"]
[Site "Kiel"]
[Date "2019.08.02"]
[Round "9.30"]
[White "Mieck, Jale"]
[Black "Sallandt, Frido"]
[Result "1/2-1/2"]
[WhiteElo "1964"]
[BlackElo "1680"]
[Annotator "HAD"]
[PlyCount "51"]
[EventDate "2019.??.??"]

1. e4 e6 2. d4 d5 3. Nd2 Nf6 4. e5 Nfd7 5. Bd3 c5 6. c3 Nc6 7. Ne2 cxd4 8. cxd4
f6 9. exf6 Nxf6 10. O-O Bd6 11. Nf3 Qc7 12. h3 O-O 13. Be3 Bd7 14. Rc1 Rae8 15.
Re1 Qb8 16. Bb1 e5 17. dxe5 Nxe5 18. Nxe5 Bxe5 19. Bd4 Kh8 20. Bxe5 Rxe5 21.
Ng3 Rg5 22. Qd3 Qd6 23. Qe3 h6 24. Qe7 Qb8 25. Qb4 Bxh3 26. gxh3 1/2-1/2

[Event "Kieler Open 2019-A"]
[Site "Kiel"]
[Date "2019.08.02"]
[Round "9.31"]
[White "Rosenburg, Hauke"]
[Black "Stegert, Jonas"]
[Result "1/2-1/2"]
[WhiteElo "1925"]
[BlackElo "1495"]
[Annotator "HAD"]
[PlyCount "60"]
[EventDate "2019.??.??"]

1. c4 c5 2. g3 g6 3. Nc3 Bg7 4. Bg2 Nc6 5. d3 Nf6 6. Nf3 O-O 7. O-O d6 8. Rb1
b6 9. a3 Bb7 10. Bg5 h6 11. Bd2 Qd7 12. Re1 Kh7 13. b4 Ne8 14. e4 e5 15. Nd5
Nc7 16. Qc1 Nxd5 17. exd5 Nd4 18. bxc5 bxc5 19. Nxd4 exd4 20. Rb3 Rfe8 21. Qb1
Rxe1+ 22. Bxe1 Ba6 23. Ba5 Re8 24. Bf1 Bf8 25. Rb8 Kg7 26. Rxe8 Qxe8 27. Bc7
Qa4 28. Qb8 Qxa3 29. Qxa7 Qa4 30. Qb6 Qd7 1/2-1/2

[Event "Kieler Open 2019-A"]
[Site "Kiel"]
[Date "2019.08.02"]
[Round "9.32"]
[White "Priemer, Siegfried"]
[Black "Lawrenz, Sebastian"]
[Result "1-0"]
[WhiteElo "1833"]
[BlackElo "1924"]
[Annotator "HAD"]
[PlyCount "87"]
[EventDate "2019.??.??"]

1. d4 Nf6 2. c4 e5 3. dxe5 Ng4 4. Bf4 Nc6 5. Nf3 Bb4+ 6. Nc3 Bxc3+ 7. bxc3 Qe7
8. Qd5 f6 9. exf6 Nxf6 10. Qd3 d6 11. g3 O-O 12. Bg2 Re8 13. e3 h6 14. h4 Qe4
15. Qxe4 Nxe4 16. Nd4 a6 17. Bxe4 Rxe4 18. f3 Nxd4 19. cxd4 Re7 20. a4 Bd7 21.
Kd2 Rae8 22. Rhe1 Rf7 23. e4 Rd8 24. Re3 Bc8 25. a5 c6 26. Rb1 Rfd7 27. Rb6 Kf7
28. Ke2 d5 29. exd5 cxd5 30. c5 Re7 31. Rxe7+ Kxe7 32. Rg6 Kf7 33. h5 Bf5 34.
Rb6 Bc8 35. Be5 Rg8 36. Rg6 Bf5 37. Rb6 Bc8 38. g4 Re8 39. Rg6 Rg8 40. Kf2 Bd7
41. Kg3 Bc6 42. f4 Bd7 43. f5 Bc8 44. Rd6 1-0

[Event "Kieler Open 2019-A"]
[Site "Kiel"]
[Date "2019.08.02"]
[Round "9.33"]
[White "Srimathi, Raajesh"]
[Black "Papesch, Dennis"]
[Result "1/2-1/2"]
[WhiteElo "1832"]
[BlackElo "1880"]
[Annotator "HAD"]
[PlyCount "51"]
[EventDate "2019.??.??"]

1. e4 c6 2. d4 d5 3. Nc3 dxe4 4. Nxe4 Bf5 5. Ng3 Bg6 6. h4 h6 7. Nf3 Nd7 8. h5
Bh7 9. Bd3 Bxd3 10. Qxd3 e6 11. Bd2 Ngf6 12. O-O-O Be7 13. Ne4 Nxe4 14. Qxe4
Nf6 15. Qe2 Qd5 16. c4 Qe4 17. Qxe4 Nxe4 18. Be3 O-O 19. Ne5 Rfd8 20. g4 c5 21.
dxc5 Bxc5 22. Bxc5 Nxc5 23. Kc2 Rac8 24. f3 Kf8 25. b3 Ke7 26. Rhe1 1/2-1/2